| 000 | 00356nam a2200109Ia 4500 | ||
|---|---|---|---|
| 008 | 200302s9999 xx 000 0 und d | ||
| 100 | _aDorothy A. Henehan and Others | ||
| 245 | _aBuilding Change of Use Renovating, Adapting, and Altering Commercial and Industrial Propertie | ||
| 260 | _bMcgraw- hill International Book co., | ||
| 260 | _c2004 | ||
| 300 | _a505 | ||
| 999 |
_c3722 _d3722 |
||